Rainbow 6 SIEGE / General QUIZ - Statistiques

Statistiques générales
  • Ce quiz a été pris 235 fois
  • Le résultat moyen est 8 sur 15
Statistiques - réponses
Question Réponse % Correct
Hammer Sledge
91%
Rush Ash
86%
Old 1v1 map House
83%
Favourite map of the community Oregon
73%
R6 Developers Ubisoft
68%
I miss the...on Bandit and Jaeger ACOG
65%
A famous french player Shaiiko
65%
MAP in France Chalet
60%
A famous swedish player Spoit
51%
MAP in Los Angeles Bank
45%
A famous american player Beaulo
39%
MAP in Ivory Coast Consulate
37%
MAP where you can find fireworks Favelas
30%
Siege's iShowSpeed Jynxzi
23%
The big beef Gridlock
16%
Aucun quiz correspondant
Distribution des résultats
% des personnes avec chaque résultat
Percentile par nombre de réponses
Votre historique - résultats
Vous n’avez pas pris ce quiz